1917 1045 1939 1145 1804 1234 1616 1590 1715 1564 1173 1115 1002 1854 1105 1976 1621 1870 1888 1651 1240 1710 1460 1805 1777 1726 1224 1513 1383 1807 1106 1511 1803 1288 1396 1381 1823 1492 1391 1459 1666 1118 1025 1116 1997 1898 1706 1832 1789 1198 1057 1822 1671 1163 1611 1229 1807 1167 1979 1240 1207 1078 1546 1421 1029 1520 1199 1967 1655 1932 1753 1543 1509 1392 1994 1463 1770 1113 1451 1651 1154 1567 1511 1224 1665 1432 1317 1978 1685 1313 1001 1879 1317 1086 1527 1249 1908 1035 1351 BCNSPRNW ULIB Ver.6.0+V

เปลี่ยนเป็นภาษาไทย

Change to English
 แสดงรายละเอียดบรรณานุกรม
  กลับหน้าหลัก

Brief Record : Get Marc (ISO 2709) : E-mail record : QR code < ปิดหน้าต่าง
LEADER : 00000nam 2200000uu 4500
001    13399127044
003     ULIB
008    020711s2562 th a 000 0 tha d
020    ^a9786164671157
060    ^aWS103^bต-ล
100    ^aตุ๊บปอง
245    ^aลูกลิงอึไม่ออก ชุดลูกลิงเรียนรู้
250    ^aพิมพ์ครั้งที่ 1
260    ^aกรุงเทพฯ :^bบริษัท แปลน ฟอร์ คิดส์ จำกัด,^c2562
300    ^a16 หน้า;^b21 ซม.
650    ^aเด็ก^xการเรียนการสอน
945    ^p115^l0^i006232
999    ^aประนอม เกษจรัล
รายการนี้ยังไม่มีแท็ก
คุณยังไม่ได้ล็อกอิน คุณสามารถมีกิจกรรมร่วมกับเว็บไซต์ได้ แต่ต้องล็อกอินก่อน ::
  ล็อกอิน

รายการสื่อสารสนเทศ

ลำดับที่ ประเภท เลขเรียก/บาร์โค้ด สถานที่ สถานะ
1. วิทยาศาสตร์การแพทย์ และสุขภาพ
วิทยาศาสตร์การแพทย์ และสุขภาพ
WS103 ต-ล ฉ.1 
  Barcode: 006232
ห้องสมุดวิทยาเขตสวรรค์ประชารักษ์
►หนังสือทั่วไป
ถูกยืม กำหนดส่งวันที่ 24 เมษายน 2568
  จอง

รายการใกล้เคียง
    ผู้แต่ง [ตุ๊บปอง]

BibComment


ยังไม่เคยถูกคอมเมนท์

คอมเมนท์ทรัพยากรรายการนี้
  คอมเมนท์: ลูกลิงอึไม่ออก ช..


 Copyright 2026. Bcnsprnw @Library